Normal view
MARC view
Entry Uniform Title
001 - CONTROL NUMBER
- control field: 16502
003 - CONTROL NUMBER IDENTIFIER
- control field: dpl
005 - DATE AND TIME OF LATEST TRANSACTION
- control field: 20100825115206.0
008 - FIXED-LENGTH DATA ELEMENTS
- fixed length control field: 100825|||a|||||| | ||| d
040 ## - CATALOGING SOURCE
- Original cataloging agency: dpl
- Transcribing agency: dpl
130 ## - HEADING--UNIFORM TITLE
- Uniform title: Shipping law series
670 ## - SOURCE DATA FOUND
- Source citation: Work cat.: (dpl)42946: Mahanty, Samareshwar 16501, Maritime jurisdiction and admiralty law in India :, 2009
670 ## - SOURCE DATA FOUND
- Source citation: Work cat.: (dpl)42946: Mahanty, Samareshwar 16501, Maritime jurisdiction and admiralty law in India :, 2009
